Budapest Bank IT folyamatmodellezése és értékelése

Bibliographic Details
Main Author: Márkus Bence
Other Authors: Avornicului dr. Mihály Szilárd
Format: Thesis
Kulcsszavak:Szervezetfejlesztés
Változásmenedzsment
Projektmenedzsment
Szervezeti struktúra
Online Access:http://dolgozattar.uni-bge.hu/19611

MARC

LEADER 00000nta a2200000 i 4500
001 dolg19611
005 20181217093134.0
008 181217suuuu hu om 000 hun d
040 |a BGE Dolgozattár Repozitórium  |b hun 
041 |a hu 
100 1 |a Márkus Bence 
245 1 0 |a Budapest Bank IT folyamatmodellezése és értékelése  |c Márkus Bence  |h [elektronikus dokumentum] 
695 |a Szervezetfejlesztés 
695 |a Változásmenedzsment 
695 |a Projektmenedzsment 
695 |a Szervezeti struktúra 
700 1 |a Avornicului dr. Mihály Szilárd  |e ths 
856 4 0 |u http://dolgozattar.uni-bge.hu/19611/1/Szakdoga_16._Final.pdf  |z Dokumentum-elérés 
856 4 0 |u http://dolgozattar.uni-bge.hu/19611/2/Szakdoga_17._Final.pdf  |z Dokumentum-elérés